000 00363cam a22001337a 4500
008 180718b1972 xxu||||| |||| 00| 0 eng d
082 _aI52 B442
100 _aBenveniste, Guy
245 _aPolitics of expertise
_cby Guy Benveniste
260 _aBerkeley
_bGlendessary
_c1972
300 _a232p.
650 _aPolitical planning
650 _aGovernment consultants
999 _c341249
_d341249